True or False? - Geography Edition - Statistics

General Stats
  • This quiz has been taken 46 times
  • The average score is 10 of 15
Answer Stats
Question Answer % Correct
Germany is bigger than California. False
100%
Niger is bigger than Angola. True
100%
The colors of the Seychelles flag consist of blue, yellow, red, white and green. True
100%
Haiti and Liechtenstein used to have the same flag. True
100%
Namibia is, after Mongolia, the country with the fewest inhabitants per square kilometer. True
100%
Texas is the southernmost US state. False
67%
Cameroon and Chad share a border. True
67%
Norway and Sweden together have more islands than all the other countries in the world put together. True
67%
Mount Everst, K2 and Kangchenjunga are the three highest summits in the world. True
67%
Spain and Morocoo share the smallest border in the world, at only 74 meters. True
67%
Chinas population is bigger than Indias. False
33%
The Gobi Desert stretches across China, Kazakhstan and Mongolia. False
33%
Normandy is the northernmost region in France. False
33%
There are 3 double landlocked countries. False
33%
The Belgian flag is the German flag rotated by 90 degrees. False
0%
No matching quizzes found
Score Distribution
Percent of People with Each Score
Percentile by Number Answered
Your Score History
You have not taken this quiz